header

Information systems today / (Record no. 256401)

MARC details
000 -LEADER
fixed length control field 01055cam a22003014a 4500
001 - CONTROL NUMBER
control field 13784412
003 - CONTROL NUMBER IDENTIFIER
control field OSt
005 - DATE AND TIME OF LATEST TRANSACTION
control field 20170518124551.0
008 - FIXED-LENGTH DATA ELEMENTS--GENERAL INFORMATION
fixed length control field 041117s2005 njua b 001 0 eng
010 ## - LIBRARY OF CONGRESS CONTROL NUMBER
LC control number 2004063419
020 ## - INTERNATIONAL STANDARD BOOK NUMBER
International Standard Book Number 0131454870
040 ## - CATALOGING SOURCE
Original cataloging agency DLC
Transcribing agency DLC
Modifying agency DLC
042 ## - AUTHENTICATION CODE
Authentication code pcc
050 00 - LIBRARY OF CONGRESS CALL NUMBER
Classification number T58.5
Item number .J47 2005
082 00 - DEWEY DECIMAL CLASSIFICATION NUMBER
Classification number 658.4/038/011
Edition number 22
100 1# - MAIN ENTRY--PERSONAL NAME
Personal name Jessup, Leonard M.,
Dates associated with a name 1961-
245 10 - TITLE STATEMENT
Title Information systems today /
Statement of responsibility, etc Leonard M. Jessup, Joseph S. Valacich.
250 ## - EDITION STATEMENT
Edition statement 2nd ed.
260 ## - PUBLICATION, DISTRIBUTION, ETC. (IMPRINT)
Place of publication, distribution, etc Upper Saddle River, N.J. :
Name of publisher, distributor, etc Pearson Prentice Hall,
Date of publication, distribution, etc 2005.
300 ## - PHYSICAL DESCRIPTION
Extent xxiii, 478 p. :
Other physical details col. ill. ;
Dimensions 28 cm.
504 ## - BIBLIOGRAPHY, ETC. NOTE
Bibliography, etc Includes bibliographical references (p. 455-458) and index.
650 #0 - SUBJECT ADDED ENTRY--TOPICAL TERM
Topical term or geographic name as entry element Information technology.
Topical term or geographic name as entry element Information storage and retrieval systems
General subdivision Business.
700 1# - ADDED ENTRY--PERSONAL NAME
Personal name Valacich, Joseph S.,
Dates associated with a name 1959-
906 ## - LOCAL DATA ELEMENT F, LDF (RLIN)
a 7
b cbc
c orignew
d 1
e ocip
f 20
g y-gencatlg
942 ## - ADDED ENTRY ELEMENTS (KOHA)
Source of classification or shelving scheme Library of Congress Classification
Koha item type Long Loan Books
Holdings
Withdrawn status Lost status Source of classification or shelving scheme Damaged status Not for loan Collection code Home library Current library Shelving location Date acquired Total Checkouts Full call number Barcode Date last seen Price effective from Koha item type
    Library of Congress Classification     Non-fiction Rongo University Library Rongo University Library General Stacks 18/05/2017   T58.5 .J47 2005 201614890 18/05/2017 18/05/2017 Long Loan Books

© 2026 Rongo University
Contact us: librarian | system librarian | Rongo university